Logo BPK

Bibliografia Prac Pracowników

Politechniki Koszalińskiej

Wybrane problemy stosowania pompy ciepła we współczesnych układach energetycznych / (Rekord nr 997)

Szczegóły MARC
000 -ETYKIETA REKORDU
podpole kontrolne o stałej długości 01491nab a2200217 i 4500
001 - NUMER KONTROLNY REKORDU
podpole kontrolne BPP
003 - IDENTYFIKATOR NUMERU KONTROLNEGO REKORDU
podpole kontrolne BPK
005 - DATA OSTATNIEJ MODYFIKACJI REKORDU
podpole kontrolne 20140225134627.0
008 - POLE O STAŁEJ DŁUGOŚCI - DANE KONTROLNE
podpole kontrolne o stałej długości 140225s2008 pl f |000 0 pol
040 ## - ŹRÓDŁO KATALOGOWANIA
Instytucja, która utworzyła rekord BPK
080 ## - UNIWERSALNA KLASYFIKACJA DZIESIĘTNA - UKD
UKD 621.56/.59
100 ## - NAZWA OSOBOWA
Nazwa osobowa BOHDAL, Tadeusz.
Lata pracy 1996 - .
Instytucja Politechnika Koszalińska - Wydział Mechaniczny,
Wydział Katedra Techniki Cieplnej i Chłodnictwa
245 ## - TYTUŁ/ODPOWIEDZIALNOŚĆ
Tytuł Wybrane problemy stosowania pompy ciepła we współczesnych układach energetycznych /
Pozostałe elementy strefy tytułu i oznaczenia odpowiedzialności T. Bohdal, H. Charun.
260 ## - STREFA ADRESU WYDAWNICZEGO
Data publikacji, dystrybucji/powstania dokumentu 2008.
500 ## - UWAGI OGÓLNE
Tekst uwagi Dane z autopsji.
520 ## - UWAGA DOTYCZĄCA TREŚCI DOKUMENTU
Analiza dokumentacyjna, adnotacja itp. Wykorzystanie transformacji energii w obiegu termodynamicznym lewobieżnym za pomocą pompy ciepła (sprężarkowej lub absorpcyjnej) może stanowić ważne ogniwo w rozwoju współczesnej energetyki. Dotyczy to zwłaszcza energetyki o charakterze rozproszonym, z zastosowaniem układów kogeneracyjnych i trójgeneracyjnych. W opracowaniu przedstawiono podstawowe zasady transformacji energii za pomocą pompy ciepła, a w oparciu o elementy analizy energetycznej i egzogetycznej wskazano metody wzrostu efektywności współczesnych sprężarkowych pomp ciepła. Określono ogólne kierunki zastosowania tych urządzeń w skojarzonych układach energetycznych.
650 ## - HASŁO PRZEDMIOTOWE W FORMIE NAZWY OGÓLNEJ LUB JEDNOSTKOWEJ
Nazwa ogólna lub geograficzna Pompa ciepła.
700 ## - HASŁO DODATKOWE - NAZWA OSOBOWA
Nazwa osobowa CHARUN, Henryk.
Lata pracy 1996 - .
Instytucja Politechnika Koszalińska - Wydział Mechaniczny,
Wydział Katedra Techniki Cieplnej i Chłodnictwa
773 ## - TYTUŁ DOKUMENTU MACIERZYSTEGO
Wyrażenie wprowadzające W :
Tytuł Chłodnictwo i Klimatyzacja. -
Informacje dotyczące relacji 2008, Nr 3(117), s. 60-65
942 ## - HASŁO DODATKOWE - ELEMENTY(KOHA)
Typ dokumentu Artykuł
Schemat klasyfikacji Uniwersalna klasyfikacja dziesiętna
Egzemplarze
Wycofany Zagubiony Uszkodzony Dostępność Lokalizacja stała Lokalizacja bieżąca Sygnatura Typ dokumentu
      Dostępny Bibliografia Prac Pracowników - BPK Bibliografia Prac Pracowników - BPK 0967 Artykuł
© 2014 Biblioteka Politechniki Koszalińskiej :: BIBLIOGRAFIA PRAC PRACOWNIKÓW